000 00628cab a2200217 4500
001 WB3402-11
008 090401t1998 xxu||||| |||| 00| 0 eng d
035 _a(Sirsi) u83071
041 _aeng
245 _aNew homes for Stansted
260 _c1998
350 _a0
490 _aFinancial Times
_v10 January 1998, 5(1)
520 _aPermission has been granted by the deputy prime minister to build 650 homes on a site at Felsted, near Stansted airport.
650 _aESSEX
650 _aNEW SETTLEMENT
650 _aSTANSTED AIRPORT
690 _aPROPERTY-PROPERTY DEVELOPMENT
942 _n0
948 _c13/01/1998
999 _c52474
_d52474